|
|
|
|
| LEADER |
01021cam a2200253 a 4500 |
| 001 |
0000077709 |
| 005 |
20080915090000.0 |
| 040 |
|
|
|a mod
|
| 041 |
|
|
|a eng
|
| 020 |
0 |
0 |
|a 9676116483
|
| 090 |
0 |
0 |
|a 153.8
|b SHA
|e 2005
|
| 100 |
0 |
0 |
|a Sharifah Akmam bte Syed Zakaria
|
| 245 |
1 |
0 |
|a Panduan dan strategi motivasi diri
|c Sharifah Akmam bte Syed Zakaria
|
| 260 |
0 |
0 |
|a Kuala Lumpur
|b Utusan Publications & Distributors
|c 2005
|
| 300 |
0 |
0 |
|a xiv, 200 p.
|b ill.
|c 22 cm
|
| 440 |
0 |
0 |
|a Siri motivasi dan kecemerlangan Utusan
|
| 504 |
0 |
1 |
|a Bibliography: p. 198-202
|
| 650 |
0 |
0 |
|a Self-actualization (Psychology)
|
| 650 |
0 |
0 |
|a Personality and motivation
|
| 650 |
0 |
0 |
|a Motivation (Psychology)
|
| 999 |
|
|
|a 0232746
|b 3 BGD
|d BOOKS
|e Umum
|f 3 BGD
|j AVAILABLE
|q GOOD CONDITION
|
| 999 |
|
|
|a 0234125
|b IKEM
|d BOOKS
|e Umum
|f IKEM
|j AVAILABLE
|q GOOD CONDITION
|
| 999 |
|
|
|a 0240356
|b KTD
|d BOOKS
|e Umum
|f KTD
|j AVAILABLE
|q GOOD CONDITION
|
| 999 |
|
|
|a 0272709
|b Markas Pemerintahan Latihan & Doktrin
|d BOOKS
|e Umum
|f Markas Pemerintahan Latihan & Doktrin
|j AVAILABLE
|q GOOD CONDITION
|